Which Countries? Cold War Edition - Statistics

General Stats
  • This quiz has been taken 186 times
  • The average score is 51 of 72
Answer Stats
Question Tile Select % Correct
Countries in the Warsaw Pact Denmark No
97%
Countries in the Warsaw Pact Finland No
97%
Countries in the Warsaw Pact Italy No
96%
Countries in the Warsaw Pact East Germany Yes
95%
Countries in the Warsaw Pact Poland Yes
95%
Countries in the Warsaw Pact West Germany No
94%
Countries in the Warsaw Pact Austria No
92%
Countries that were part of NATO when it was first founded Liberia No
92%
Countries that were part of NATO when it was first founded Tunisia No
92%
Countries that were part of NATO when it was first founded France Yes
90%
Countries in the Warsaw Pact Romania Yes
90%
Countries that were part of NATO when it was first founded United Kingdom Yes
89%
Countries that sided with South Korea in the Korean War and sent troops Soviet Union No
86%
Countries that sided with South Korea in the Korean War and sent troops United States of America Yes
86%
Countries that had nuclear weapons in the early years of the Cold War Vietnam No
86%
Post-Soviet States (Countries formed after the collapse of the Soviet Union) Afghanistan No
85%
Countries that had nuclear weapons in the early years of the Cold War Brazil No
84%
Countries that sided with South Korea in the Korean War and sent troops China No
84%
Countries that had nuclear weapons in the early years of the Cold War Sweden No
84%
Countries that had nuclear weapons in the early years of the Cold War United States of America Yes
84%
Post-Soviet States (Countries formed after the collapse of the Soviet Union) Uzbekistan Yes
83%
Countries that were part of NATO when it was first founded Canada Yes
82%
Post-Soviet States (Countries formed after the collapse of the Soviet Union) Kazakhstan Yes
82%
Post-Soviet States (Countries formed after the collapse of the Soviet Union) Kyrgyzstan Yes
82%
Countries that sided with South Vietnam in the Vietnam War and sent troops North Korea No
82%
Countries that had nuclear weapons in the early years of the Cold War Soviet Union Yes
82%
Post-Soviet States (Countries formed after the collapse of the Soviet Union) Tajikistan Yes
82%
Countries that were part of NATO when it was first founded Belgium Yes
81%
Countries directly involved in the Suez Crisis Ethiopia No
81%
Countries that sided with South Vietnam in the Vietnam War and sent troops Pakistan No
81%
Post-Soviet States (Countries formed after the collapse of the Soviet Union) Turkmenistan Yes
81%
Countries that sided with South Korea in the Korean War and sent troops United Kingdom Yes
81%
Countries that sided with South Vietnam in the Vietnam War and sent troops United States of America Yes
80%
Countries directly involved in the Suez Crisis Egypt Yes
79%
Countries that had a civil war during the Cold War Jamaica No
79%
Post-Soviet States (Countries formed after the collapse of the Soviet Union) Bulgaria No
78%
Countries directly involved in the Suez Crisis Canada No
78%
Countries that had nuclear weapons in the early years of the Cold War India No
78%
Post-Soviet States (Countries formed after the collapse of the Soviet Union) Mongolia No
77%
Countries in the Warsaw Pact Albania Yes
75%
Post-Soviet States (Countries formed after the collapse of the Soviet Union) Moldova Yes
75%
Countries that were part of NATO when it was first founded Italy Yes
72%
Countries directly involved in the Suez Crisis Yemen No
72%
Countries that sided with South Vietnam in the Vietnam War and sent troops Australia Yes
69%
Countries that had a civil war during the Cold War Spain No
69%
Countries directly involved in the Suez Crisis United Kingdom Yes
66%
Countries that sided with South Korea in the Korean War and sent troops Ireland No
65%
Countries that had a civil war during the Cold War Angola Yes
64%
Countries that had a civil war during the Cold War Cambodia Yes
63%
Countries directly involved in the Suez Crisis Israel Yes
63%
Countries that were part of NATO when it was first founded Spain No
60%
Countries that had nuclear weapons in the early years of the Cold War United Kingdom Yes
60%
Countries that had a civil war during the Cold War Laos Yes
58%
Countries that sided with South Vietnam in the Vietnam War and sent troops South Africa No
58%
Countries that sided with South Vietnam in the Vietnam War and sent troops New Zealand Yes
56%
Countries that sided with South Vietnam in the Vietnam War and sent troops Netherlands No
55%
Countries directly involved in the Suez Crisis Soviet Union No
53%
Countries directly involved in the Suez Crisis France Yes
52%
Countries that sided with South Korea in the Korean War and sent troops Philippines Yes
52%
Countries directly involved in the Suez Crisis United States of America No
47%
Countries that had nuclear weapons in the early years of the Cold War France Yes
46%
Countries that had a civil war during the Cold War Mozambique Yes
46%
Countries that sided with South Korea in the Korean War and sent troops Turkey Yes
45%
Countries that were part of NATO when it was first founded Iceland Yes
42%
Countries that had a civil war during the Cold War Lebanon Yes
40%
Countries that sided with South Vietnam in the Vietnam War and sent troops Philippines Yes
38%
Countries that had a civil war during the Cold War Guatemala Yes
36%
Countries that sided with South Vietnam in the Vietnam War and sent troops United Kingdom No
32%
Countries that had nuclear weapons in the early years of the Cold War China Yes
31%
Countries that had a civil war during the Cold War Dominican Republic Yes
23%
Countries that sided with South Korea in the Korean War and sent troops Colombia Yes
20%
Countries that sided with South Korea in the Korean War and sent troops Ethiopia Yes
19%
No matching quizzes found
Score Distribution
Percent of People with Each Score
Percentile by Number Answered
Your Score History
You have not taken this quiz